000 00506nam a22001817a 4500
005 20230712122540.0
008 230712b |||||||| |||| 00| 0 eng d
020 _a9788126515707
082 _a547.1223
_bELI
100 _aEliel;Ernest.L.
245 _aStereochemistry of Organic Compounds:
_b Eliel, Ernest.L; Lewis, N.Mander; Samuel, H.Wilen
260 _aIndia
_bWiley
_c2014
300 _a1267
500 _aInclude Index
650 _aMedical/Chemistry
700 _aErnest;L.Eliel
999 _c25936
_d25936